00342nam a2200109Ia 4500003000900000008004100009040001600050080001800066100002400084245010500108260001900213IN-BaIIA211028s9999 xx 000 0 eng d cIIA Library a01:520.2bSZA aLadislans R. Szalay 0aNamen- und sachregister der BibliotakcR. Szalay Ladislans  aBudapestc1902